| 000 | 00875nam a2200253 i 4500 | ||
|---|---|---|---|
| 001 | 185462 | ||
| 003 | SpMaBN | ||
| 005 | 20250813060905.0 | ||
| 008 | 160607s1996 sp a |||| | spa d | ||
| 020 | _a84-7844-309-6 | ||
| 080 | _a297.14(02)"12" | ||
| 100 | 1 |
_aIbn'Arabi, Muhyi l-Din. _965003 |
|
| 245 | 1 | 4 |
_aLas iluminaciones de La Meca _b: textos escogidos / _cIbn 'Arabi ; edición y traducción de Victor Pallejà de Bustinza. |
| 260 |
_aMadrid : _bSiruela, _c[1996] |
||
| 300 |
_a110 p. ; _c22 cm. |
||
| 490 | 1 |
_aEl árbol del paraíso ; _v5 |
|
| 500 | _aGlosario. | ||
| 504 | _aBibliografía: p. 107-110. | ||
| 650 | 7 |
_aSufismo- _xObras anteriores a 1800. _9140144 |
|
| 700 | 1 |
_aPallejà de Bustinza, Victor. _9159798 |
|
| 830 | 0 | 3 |
_aEl árbol del paraíso _v5 _9179942 |
| 852 |
_aES-MaACL _jL-30351 _z. - Donat. Miguel A. Velasco |
||
| 999 |
_c185462 _d185462 |
||